000 003260000a22001570004500
003 MACL
040 _aMACL
090 _c42503
_d42501
100 _aWilfert, P
245 _aPersonality Judgement
260 _bPearl Books
_c2008
350 _a675
650 _aEducation
942 _cBOOK
_k370/WIL
951 _o370/WIL BOOK
999 _c42055
_d42055